00713nam a2200169Ia 4500001001100000003000500011008004100016010001100057040000900068100003600077245019500113260003400308300002300342502008800365700004000453710005000493Para_10230CHAP220125sSept xx 000 0 und d a208916 cCHAP aDíaz Najera, José Francisco aEtiología y manejo de hongos causantes de la pudrición de frutos en calabaza pipiana (Cucurbita argyrosperma Huber) /c José Francisco Díaz Najera. Director Mateo Vargas Hernández aChapingo, Méx. :b el autor a1 CDS ROM (187 p.) aTesis (M.C. en Protección Vegetal) UACh. Departamento Parasitología Agrícola aVargas Hernández, Mateo. Director aUACh. Departamento Parasitología Agrícola